Llwytho...

TEETH OF NON-MAMMALIAN VERTEBRATES

Manylion Llyfryddiaeth
Prif Awdur: BERKOVITZ, BARRY
Fformat: Printed Book
Cyhoeddwyd: LONDON Elsevier, LONDON 2017
Pynciau:
LEADER 00631nam a2200229 4500
020 |c 0.0 
082 |a 573.356 BER 
100 |a BERKOVITZ, BARRY 
245 |a TEETH OF NON-MAMMALIAN VERTEBRATES  |h ENGLISH 
250
260 |a LONDON  |b Elsevier, LONDON  |c 2017 
300
500 |a   
501 |a zoo archaeology 
538
590
630
650 |a TEETH OF NON-MAMMALIAN VERTEBRATES 
700
942 |c REF 
999 |c 179960  |d 179960 
952 |0 0  |1 0  |4 0  |6 573_356000000000000_BER  |7 0  |9 193323  |a AGY  |b AGY  |g 0.00  |l 0  |o 573.356 BER  |p AGY4169  |r 2019-10-25  |w 2019-10-25  |y REF